[Event "WchT Blitz Pool A"]
[Site "London"]
[Date "2025.06.14"]
[Round "8.4"]
[White "Nomin Erdene, Davaademberel"]
[Black "Reprintsev, Alexander"]
[Result "0-1"]
[WhiteElo "2293"]
[BlackElo "2256"]
[PlyCount "114"]
[EventDate "2025.06.14"]
[EventType "team-tourn"]
[EventRounds "13"]
[EventCountry "ENG"]
[SourceTitle "CB25_2025"]
[SourceDate "2025.06.18"]
[SourceVersion "1"]
[SourceVersionDate "2025.06.18"]
[SourceQuality "1"]
[WhiteTeam "The MongolZ"]
[BlackTeam "Global Ramblers"]
[WhiteTeamCountry "MGL"]
[BlackTeamCountry "UKR"]

1. e4 d5 2. exd5 Qxd5 3. Nc3 Qa5 4. d4 Nf6 5. Nf3 Nc6 6. Bb5 Ne4 7. Qd3 Nxc3 8. bxc3 a6 9. Bxc6+ bxc6 10. 0-0 Bf5 11. Qc4 Qb5 12. Qb3 e6 13. Ne5 Bd6 14. a4 Qxb3 15. cxb3 c5 16. Nf3 0-0 17. dxc5 Bxc5 18. b4 Bd6 19. Be3 Rfd8 20. Nd4 Be4 21. Rfc1 c5 22. bxc5 Bxc5 23. Kf1 Rac8 24. Ke2 h6 25. Ra2 Bd5 26. Raa1 Bc4+ 27. Ke1 e5 28. Nf5 Bf8 29. Rd1 Rxd1+ 30. Kxd1 Be6 31. Ng3 Rxc3 32. a5 f5 33. Bb6 Bd5 34. f3 Bb3+ 35. Kd2 Rc2+ 36. Kd3 Rxg2 37. Nxf5 Bc2+ 38. Ke3 Bxf5 39. h4 Be7 40. Rc1 Bxh4 41. Rc7 Bg5+ 42. f4 Bxf4+ 43. Kf3 Rg3+ 44. Kf2 Ra3 45. Ra7 Bd3 46. Kf3 Kh7 47. Bd8 Bg5 48. Bc7 e4+ 49. Kg4 Bf6 50. Kf4 Ra1 51. Bb6 Rf1+ 52. Ke3 Rf3+ 53. Kd2 Bb5 54. Rc7 Bg5+ 55. Kc2 Ba4+ 56. Kb2 Bf6+ 57. Ka2 e3 0-1

[Event "WchT Blitz Pool A"]
[Site "London"]
[Date "2025.06.14"]
[Round "9.4"]
[White "Reprintsev, Alexander"]
[Black "Sava, Christiansen Danut"]
[Result "1-0"]
[WhiteElo "2256"]
[BlackElo "2002"]
[PlyCount "57"]
[EventDate "2025.06.14"]
[EventType "team-tourn"]
[EventRounds "13"]
[EventCountry "ENG"]
[SourceTitle "CB25_2025"]
[SourceDate "2025.06.18"]
[SourceVersion "1"]
[SourceVersionDate "2025.06.18"]
[SourceQuality "1"]
[WhiteTeam "Global Ramblers"]
[BlackTeam "xChess.AI"]
[WhiteTeamCountry "UKR"]
[BlackTeamCountry "ROU"]

1. e4 e5 2. f4 d5 3. exd5 exf4 4. Nf3 Nf6 5. Bb5+ Bd7 6. Bxd7+ Nbxd7 7. c4 Bd6 8. 0-0 0-0 9. d4 b6 10. Nc3 Re8 11. a3 a5 12. Bd2 Ng4 13. Qc2 g5 14. Qf5 Ne3 15. Bxe3 Rxe3 16. Nxg5 Nf6 17. Nce4 Rxe4 18. Nxe4 Nxe4 19. Qxe4 Qg5 20. Rf3 Kh8 21. Re1 Rg8 22. Re2 Qg7 23. Ref2 Qg5 24. b4 axb4 25. axb4 Qg7 26. c5 bxc5 27. bxc5 Bf8 28. Qxf4 f5 29. Qe5 1-0

[Event "WchT Rapid"]
[Site "London"]
[Date "2025.06.11"]
[Round "3.4"]
[White "Reprintsev, Alexander"]
[Black "Gan Od, Sereenen"]
[Result "1/2-1/2"]
[WhiteElo "2299"]
[BlackElo "2294"]
[PlyCount "119"]
[EventDate "2025.06.11"]
[EventType "team-swiss"]
[EventRounds "12"]
[EventCountry "ENG"]
[SourceTitle "CB25_2025"]
[SourceDate "2025.06.18"]
[SourceVersion "1"]
[SourceVersionDate "2025.06.18"]
[SourceQuality "1"]
[WhiteTeam "Global Ramblers"]
[BlackTeam "Mongolia"]
[WhiteTeamCountry "UKR"]
[BlackTeamCountry "MGL"]

1. e4 c6 2. Nf3 d5 3. e5 c5 4. Be2 Nc6 5. 0-0 Bg4 6. Re1 e6 7. c4 d4 8. Nxd4 Qxd4 9. Bxg4 Nxe5 10. Qa4+ Qd7 11. Bd1 Bd6 12. Nc3 Nf6 13. Qxd7+ Kxd7 14. Be2 Ke7 15. b3 Rad8 16. Ba3 b6 17. Nb5 a6 18. Nxd6 Rxd6 19. b4 Rc8 20. bxc5 bxc5 21. Red1 Nd3 22. Rab1 Rc7 23. Rb3 Nf4 24. Bf1 e5 25. Re3 Ng6 26. d4 Kd8 27. d5 Rb6 28. g3 Ne8 29. h4 f6 30. h5 Ne7 31. Bd3 Nd6 32. Bxh7 Nxc4 33. d6 Nxd6 34. Red3 Kd7 35. f4 Ke6 36. fxe5 fxe5 37. g4 Nb5 38. Bc1 c4 39. Re3 Rd6 40. Rde1 Rd5 41. Be4 Rd4 42. Bf3 Rc5 43. a4 Nd6 44. Bb2 Rd3 45. Rxe5+ Rxe5 46. Rxe5+ Kd7 47. Be2 Rd2 48. Bc1 Ra2 49. Bf4 c3 50. Bxa6 Rxa4 51. Bg5 Nc6 52. Bb5 Rxg4+ 53. Kf1 Nxb5 54. Rxb5 Ke6 55. h6 gxh6 56. Bxh6 Nd4 57. Rc5 c2 58. Be3 Rh4 59. Bxd4 Rxd4 60. Rxc2 1/2-1/2

[Event "Titled Tuesday intern op 03rd Jan Late"]
[Site "Chess.com INT"]
[Date "2025.06.03"]
[Round "4"]
[White "Petrenko, Maryna"]
[Black "Reprintsev, Alexander"]
[Result "0-1"]
[WhiteElo "2116"]
[BlackElo "2256"]
[PlyCount "88"]
[EventDate "2025.06.03"]
[EventType "swiss (blitz)"]
[EventRounds "11"]
[EventCountry "USA"]
[SourceTitle "CB24_2025"]
[SourceDate "2025.06.11"]
[SourceVersion "1"]
[SourceVersionDate "2025.06.11"]
[SourceQuality "1"]

1. d4 d5 2. Nf3 Bf5 3. c4 e6 4. cxd5 exd5 5. Nc3 c6 6. Qb3 Qb6 7. Bf4 Nd7 8. e3 Ngf6 9. Ne5 Qxb3 10. axb3 Nh5 11. Bg3 Nxg3 12. hxg3 Nxe5 13. dxe5 Bc2 14. e4 dxe4 15. Bc4 b5 16. Be2 Bxb3 17. Nxe4 Bb4+ 18. Kf1 0-0 19. Bd3 h6 20. Ke2 a5 21. g4 Rfe8 22. g5 Rxe5 23. f4 Re6 24. Kf3 Bd5 25. gxh6 f5 26. hxg7 fxe4+ 27. Kg4 Rg6+ 28. Kf5 Rxg7 29. Be2 Bd6 30. Rh6 Rf8+ 31. Rf6 Rxf6+ 32. Kxf6 Rxg2 33. Bh5 Bxf4 34. Rxa5 Bg5+ 35. Ke5 Kg7 36. Ra7+ Kh6 37. Be8 Bc1 38. Kf6 Bxb2+ 39. Kf5 Rg5+ 40. Kf4 Be5+ 41. Ke3 Rg3+ 42. Ke2 Bc4+ 43. Kd2 e3+ 44. Ke1 Rg1# 0-1

[Event "Titled Tuesday intern op 03rd Jan Late"]
[Site "Chess.com INT"]
[Date "2025.06.03"]
[Round "8"]
[White "Reprintsev, Alexander"]
[Black "Buchenau, Frank"]
[Result "0-1"]
[WhiteElo "2256"]
[BlackElo "2190"]
[PlyCount "142"]
[EventDate "2025.06.03"]
[EventType "swiss (blitz)"]
[EventRounds "11"]
[EventCountry "USA"]
[SourceTitle "CB24_2025"]
[SourceDate "2025.06.11"]
[SourceVersion "1"]
[SourceVersionDate "2025.06.11"]
[SourceQuality "1"]

1. e4 e6 2. Nf3 d5 3. e5 c5 4. b4 cxb4 5. a3 Nc6 6. axb4 Bxb4 7. c3 Ba5 8. d4 Nge7 9. Bd3 b5 10. Bxb5 Bd7 11. Qe2 0-0 12. 0-0 Rb8 13. Bd3 h6 14. Bc2 Re8 15. Qd3 Ng6 16. h4 Bb6 17. h5 Nf8 18. Ba3 Ne7 19. Bd6 Rc8 20. g4 a5 21. Kg2 Bc6 22. Nh4 Qd7 23. f4 Bb5 24. Qf3 Bxf1+ 25. Qxf1 f6 26. Ba4 Nc6 27. Nd2 fxe5 28. fxe5 Qf7 29. Qb5 Qf4 30. Nhf3 Qxg4+ 31. Kf2 Bxd4+ 32. cxd4 Nxd4 33. Qd3 Nxf3 34. Qxf3 Qd4+ 35. Qe3 Qxa1 36. Bxe8 Rxe8 37. Qc5 Qb2 38. Ke2 Qb4 39. Qxb4 axb4 40. Bxb4 Nd7 41. Bd6 Ra8 42. Nf3 Ra2+ 43. Ke1 Ra1+ 44. Ke2 Ra2+ 45. Ke1 Kf7 46. Nd4 Ra4 47. Nc6 Rh4 48. Nd8+ Kg8 49. Nxe6 Nxe5 50. Kf2 Rxh5 51. Kg3 Nf7 52. Bc5 Rh1 53. Nc7 Rc1 54. Bb6 Rb1 55. Nxd5 Rb5 56. Ne7+ Kf8 57. Nc8 Nd6 58. Nxd6 Rxb6 59. Ne4 Rb3+ 60. Kf2 Kf7 61. Nc5 Rb5 62. Ne4 Kf8 63. Nd6 Rb3 64. Nc4 g5 65. Ne5 Kg7 66. Kg2 h5 67. Nd7 Rb2+ 68. Kf3 h4 69. Kg4 Rb5 70. Kh5 h3 71. Kg4 h2 0-1

[Event "Titled Tuesday intern op 03rd Jan Late"]
[Site "Chess.com INT"]
[Date "2025.06.03"]
[Round "11"]
[White "Reprintsev, Alexander"]
[Black "Yushko, Olga"]
[Result "1-0"]
[WhiteElo "2256"]
[BlackElo "2036"]
[PlyCount "47"]
[EventDate "2025.06.03"]
[EventType "swiss (blitz)"]
[EventRounds "11"]
[EventCountry "USA"]
[SourceTitle "CB24_2025"]
[SourceDate "2025.06.11"]
[SourceVersion "1"]
[SourceVersionDate "2025.06.11"]
[SourceQuality "1"]

1. e4 Nf6 2. e5 Nd5 3. d4 d6 4. c4 Nb6 5. f4 dxe5 6. fxe5 Bf5 7. Be3 e6 8. Nc3 Bb4 9. Nf3 c5 10. a3 cxd4 11. Nxd4 Qh4+ 12. Bf2 Qe4+ 13. Be2 0-0 14. axb4 Qxg2 15. Rg1 Qxh2 16. Nf3 Qf4 17. Qd4 Qxd4 18. Nxd4 Bg6 19. c5 N6d7 20. Bg3 Rd8 21. 0-0-0 Na6 22. Bxa6 bxa6 23. Nc6 Rdc8 24. Ne7+ 1-0

[Event "Titled Tuesday intern op 25th Mar Early"]
[Site "Chess.com INT"]
[Date "2025.03.25"]
[Round "1"]
[White "Pakleza, Zbigniew"]
[Black "Reprintsev, Alexander"]
[Result "0-1"]
[WhiteElo "2485"]
[BlackElo "2257"]
[PlyCount "104"]
[EventDate "2025.03.25"]
[EventType "swiss (blitz)"]
[EventRounds "11"]
[EventCountry "USA"]
[SourceTitle "CB14_2025"]
[SourceDate "2024.11.01"]
[SourceVersion "1"]
[SourceVersionDate "2024.11.01"]
[SourceQuality "1"]

1. d4 d5 2. Nf3 Bf5 3. c4 e6 4. Nc3 c6 5. Qb3 Qc7 6. Bg5 Bd6 7. e3 Nd7 8. Be2 Ngf6 9. 0-0 h6 10. Bh4 g5 11. Bg3 Bxg3 12. hxg3 Ne4 13. Rfc1 Qb6 14. Nxe4 dxe4 15. Nd2 Qxb3 16. axb3 a6 17. b4 Ke7 18. Nb3 Rab8 19. Kf1 h5 20. Ke1 h4 21. g4 Bg6 22. Kd2 f5 23. gxf5 exf5 24. b5 axb5 25. cxb5 Kd6 26. Nc5 Nxc5 27. Rxc5 g4 28. b4 h3 29. gxh3 gxh3 30. Rh1 h2 31. bxc6 bxc6 32. b5 Rb6 33. bxc6 Rxc6 34. Rxc6+ Kxc6 35. f4 Bf7 36. Ke1 Rh3 37. Kf2 Bb3 38. Bf1 Rf3+ 39. Kg2 Rxe3 40. Rxh2 Rf3 41. Rh4 Kd5 42. Be2 Rc3 43. Rh5 Kxd4 44. Rxf5 Ke3 45. Bh5 Rc2+ 46. Kg3 Rc1 47. Rf8 Rg1+ 48. Kh2 Rg7 49. Be8 Kf2 50. Kh3 e3 51. Bb5 Bd1 52. f5 Rh7# 0-1

[Event "Titled Tuesday intern op 25th Mar Early"]
[Site "Chess.com INT"]
[Date "2025.03.25"]
[Round "2"]
[White "Reprintsev, Alexander"]
[Black "Bologan, Viktor"]
[Result "0-1"]
[WhiteElo "2257"]
[BlackElo "2607"]
[PlyCount "72"]
[EventDate "2025.03.25"]
[EventType "swiss (blitz)"]
[EventRounds "11"]
[EventCountry "USA"]
[SourceTitle "CB14_2025"]
[SourceDate "2024.11.01"]
[SourceVersion "1"]
[SourceVersionDate "2024.11.01"]
[SourceQuality "1"]

1. e4 d6 2. d4 Nf6 3. Nc3 e5 4. dxe5 dxe5 5. Qxd8+ Kxd8 6. Bd2 c6 7. Nge2 Kc7 8. Nc1 b5 9. f3 a5 10. a4 b4 11. Nd1 Bc5 12. Bc4 Rf8 13. Be3 Nbd7 14. Nd3 Bb6 15. h4 h5 16. Kf2 Ne8 17. Bxb6+ Kxb6 18. Ne3 Nd6 19. Bb3 Ba6 20. Rad1 Kc7 21. g4 hxg4 22. Nxg4 Rae8 23. h5 f5 24. exf5 Rxf5 25. Ne3 Rff8 26. Rdg1 e4 27. Rxg7 Rxf3+ 28. Ke2 Rff8 29. Ng4 exd3+ 30. Kd1 Nf5 31. h6 dxc2+ 32. Kxc2 Nd4+ 33. Kb1 Nxb3 34. h7 Bd3+ 35. Ka2 Nbc5 36. b3 Re2+ 0-1

[Event "Titled Tuesday intern op 18th Mar Late"]
[Site "Chess.com INT"]
[Date "2025.03.18"]
[Round "5"]
[White "Fishbein, Alexander"]
[Black "Reprintsev, Alexander"]
[Result "1/2-1/2"]
[WhiteElo "2376"]
[BlackElo "2257"]
[PlyCount "103"]
[EventDate "2025.03.18"]
[EventType "swiss (blitz)"]
[EventRounds "11"]
[EventCountry "USA"]
[SourceTitle "CB13_2025"]
[SourceDate "2025.03.26"]
[SourceVersion "1"]
[SourceVersionDate "2025.03.26"]
[SourceQuality "1"]

1. e4 e5 2. Nf3 Nc6 3. Bb5 a6 4. Ba4 Bc5 5. 0-0 Nge7 6. c3 Ba7 7. d4 Ng6 8. d5 Nce7 9. d6 cxd6 10. Qxd6 b5 11. Bb3 Qb6 12. Qxb6 Bxb6 13. Rd1 Bb7 14. Bc2 d5 15. exd5 Bxd5 16. Nbd2 0-0 17. Ne4 Rfd8 18. Bg5 f6 19. Bxf6 gxf6 20. Nxf6+ Kg7 21. Nxd5 Rxd5 22. Rxd5 Nxd5 23. Rd1 Rd8 24. Bxg6 hxg6 25. Nxe5 Nf4 26. Rxd8 Bxd8 27. Kf1 Bf6 28. Nc6 Nd3 29. Nb8 Nxb2 30. Nxa6 Bxc3 31. Ke2 b4 32. Nc7 Be5 33. Nd5 Bd6 34. g3 Kf7 35. Kd2 Ke6 36. Ne3 Na4 37. Kd3 Nc3 38. a3 Na2 39. axb4 Nxb4+ 40. Ke4 Nc6 41. f4 Ne7 42. g4 Kf7 43. h4 Kg7 44. g5 Bc5 45. Ng4 Nf5 46. Nf6 Bf2 47. h5 Bg3 48. hxg6 Kxg6 49. Nd5 Bxf4 50. Kf3 Bxg5 51. Nf4+ Bxf4 52. Kxf4 1/2-1/2

[Event "Titled Tuesday intern op 18th Mar Late"]
[Site "Chess.com INT"]
[Date "2025.03.18"]
[Round "3"]
[White "Perez Gormaz, Matias Ariel"]
[Black "Reprintsev, Alexander"]
[Result "1-0"]
[WhiteElo "2394"]
[BlackElo "2257"]
[PlyCount "83"]
[EventDate "2025.03.18"]
[EventType "swiss (blitz)"]
[EventRounds "11"]
[EventCountry "USA"]
[SourceTitle "CB13_2025"]
[SourceDate "2025.03.26"]
[SourceVersion "1"]
[SourceVersionDate "2025.03.26"]
[SourceQuality "1"]

1. e4 e5 2. Nf3 Nc6 3. Bb5 a6 4. Ba4 Bc5 5. 0-0 Nge7 6. c3 Ba7 7. d4 Ng6 8. Bg5 f6 9. Be3 0-0 10. Nbd2 Kh8 11. Re1 exd4 12. cxd4 d5 13. h3 Nb4 14. Bb3 Nd3 15. Rf1 c6 16. Qb1 Ndf4 17. Re1 Re8 18. Bc2 Be6 19. e5 Qd7 20. h4 fxe5 21. Bxf4 exf4 22. Bxg6 hxg6 23. Qxg6 Bf7 24. Qg5 Qd6 25. Ne5 Bg8 26. Ndf3 Qf6 27. Qxf4 Bh7 28. Qxf6 gxf6 29. Ng4 Rf8 30. Ne3 Be4 31. Rad1 Bxf3 32. gxf3 Rae8 33. Kf1 f5 34. Nc2 Bb6 35. Rxe8 Rxe8 36. Re1 Rb8 37. Re7 a5 38. Ke2 a4 39. Kd3 Ba5 40. Ne3 f4 41. Ng4 b6 42. Nf6 1-0

[Event "Titled Tuesday intern op 11th Mar Late"]
[Site "Chess.com INT"]
[Date "2025.03.11"]
[Round "11"]
[White "Mitev, Valentin"]
[Black "Reprintsev, Alexander"]
[Result "1-0"]
[WhiteElo "2290"]
[BlackElo "2257"]
[PlyCount "157"]
[EventDate "2025.03.11"]
[EventType "swiss (blitz)"]
[EventRounds "11"]
[EventCountry "USA"]
[SourceTitle "CB12_2025"]
[SourceDate "2025.03.19"]
[SourceVersion "1"]
[SourceVersionDate "2025.03.19"]
[SourceQuality "1"]

1. Nf3 d5 2. e3 Bf5 3. c4 e6 4. Nc3 c6 5. Qb3 Qb6 6. Nh4 Qxb3 7. axb3 Bc2 8. cxd5 exd5 9. Nf3 Bxb3 10. Nd4 Bc4 11. d3 Ba6 12. Be2 Bc5 13. 0-0 Bxd4 14. exd4 Ne7 15. Bg5 f6 16. Bf4 Nf5 17. Bg4 Nxd4 18. Na4 0-0 19. Nc5 Bb5 20. Nxb7 f5 21. Bd1 Bxd3 22. Re1 Nd7 23. h3 a6 24. Kh2 Rae8 25. Be3 Ne6 26. Nd6 Rb8 27. Ba7 Rxb2 28. Rxe6 c5 29. Re7 Rd8 30. Nf7 Rf8 31. Rxd7 Rxf7 32. Rd8+ Rf8 33. Rxd5 Be4 34. Bf3 Bxf3 35. gxf3 Rxf2+ 36. Kg3 Rc2 37. Rg1 f4+ 38. Kg4 c4 39. Rd7 Rf6 40. Kh4 Rh6+ 41. Kg5 Rg6+ 42. Kf5 Rxg1 43. Bc5 h6 44. Bxg1 Re2 45. Bd4 g5 46. Rg7+ Kf8 47. Kf6 Ke8 48. Be5 Kd8 49. Rg8+ Kd7 50. Rg7+ Kc6 51. Rc7+ Kd5 52. Rd7+ Kc5 53. Rc7+ Kd5 54. Rd7+ Kc5 55. Bd4+ Kc6 56. Ra7 Rd2 57. Rxa6+ Kb5 58. Rd6 Rd3 59. Be5 Rxf3 60. Rd4 Rxh3 61. Rd5+ Kb4 62. Kf5 Kb3 63. Rb5+ Kc2 64. Rb2+ Kd3 65. Ra2 c3 66. Bxc3 Re3 67. Be5 Kc4 68. Bf6 Kd5 69. Ra5+ Kd6 70. Ra4 f3 71. Bd4 Rd3 72. Kg4 h5+ 73. Kxg5 Kd5 74. Bf2 Rd2 75. Bg3 Rg2 76. Kh4 f2 77. Rf4 Ke5 78. Rxf2+ Rxg3 79. Kxg3 1-0

[Event "Titled Tuesday intern op 11th Mar Late"]
[Site "Chess.com INT"]
[Date "2025.03.11"]
[Round "4"]
[White "Reprintsev, Alexander"]
[Black "Gajewski, Grzegorz"]
[Result "0-1"]
[WhiteElo "2257"]
[BlackElo "2547"]
[PlyCount "86"]
[EventDate "2025.03.11"]
[EventType "swiss (blitz)"]
[EventRounds "11"]
[EventCountry "USA"]
[SourceTitle "CB12_2025"]
[SourceDate "2025.03.19"]
[SourceVersion "1"]
[SourceVersionDate "2025.03.19"]
[SourceQuality "1"]

1. e4 g6 2. d4 Bg7 3. Nc3 b6 4. h4 Bb7 5. h5 c5 6. dxc5 bxc5 7. Bd3 Nc6 8. Nge2 d6 9. Bg5 h6 10. Bd2 g5 11. f4 gxf4 12. Nxf4 e6 13. Qg4 Be5 14. 0-0-0 Nf6 15. Qh4 Rb8 16. Bb5 Qb6 17. Nd3 Nd7 18. Nxe5 Ndxe5 19. Qf6 Rh7 20. Bf4 Nd7 21. Qh4 a6 22. Bxc6 Bxc6 23. b3 e5 24. Bd2 c4 25. Kb1 Qc5 26. Qg3 Kf8 27. Bc1 cxb3 28. cxb3 Nf6 29. Qd3 Ne8 30. Rhf1 a5 31. Bb2 a4 32. Nxa4 Bxa4 33. bxa4 Rg7 34. Rd2 Qb4 35. Rc1 Qxa4 36. Ka1 Ra8 37. Bc3 Kg8 38. Rb2 Rg4 39. Re1 Nc7 40. Qf3 Rg7 41. Reb1 Nb5 42. g4 Rg5 43. Qe2 Kg7 0-1

[Event "Titled Tuesday intern op 04th Mar Early"]
[Site "Chess.com INT"]
[Date "2025.03.04"]
[Round "7"]
[White "Reprintsev, Alexander"]
[Black "Andrade, Ivan"]
[Result "1-0"]
[WhiteElo "2257"]
[BlackElo "2161"]
[PlyCount "37"]
[EventDate "2025.03.04"]
[EventType "swiss (blitz)"]
[EventRounds "11"]
[EventCountry "USA"]
[SourceTitle "CB11_2025"]
[SourceDate "2025.03.12"]
[SourceVersion "1"]
[SourceVersionDate "2025.03.12"]
[SourceQuality "1"]

1. e4 c5 2. b3 d5 3. exd5 Qxd5 4. Nc3 Qe5+ 5. Be2 Bg4 6. f4 Qe6 7. Nb5 Na6 8. Bb2 Nf6 9. Be5 Bxe2 10. Qxe2 Nd7 11. Nf3 Nxe5 12. Nxe5 f6 13. Nc4 Qxe2+ 14. Kxe2 Kd7 15. a3 Kc6 16. Nc3 b5 17. Na5+ Kb6 18. Nd5+ Kxa5 19. b4+ 1-0

[Event "Titled Tuesday intern op 04th Mar Early"]
[Site "Chess.com INT"]
[Date "2025.03.04"]
[Round "6"]
[White "Ruiz Aguilar, Pablo Alexander"]
[Black "Reprintsev, Alexander"]
[Result "0-1"]
[WhiteElo "2190"]
[BlackElo "2257"]
[PlyCount "128"]
[EventDate "2025.03.04"]
[EventType "swiss (blitz)"]
[EventRounds "11"]
[EventCountry "USA"]
[SourceTitle "CB11_2025"]
[SourceDate "2025.03.12"]
[SourceVersion "1"]
[SourceVersionDate "2025.03.12"]
[SourceQuality "1"]

1. e4 d5 2. exd5 Qxd5 3. Nc3 Qa5 4. d4 Nf6 5. Nf3 Nc6 6. Bc4 Bg4 7. Be3 0-0-0 8. Bxf7 e5 9. d5 e4 10. h3 exf3 11. hxg4 fxg2 12. Rg1 Bb4 13. Qd3 Bxc3+ 14. Qxc3 Qxc3+ 15. bxc3 Nxd5 16. Bd2 Rd7 17. Bxd5 Rxd5 18. 0-0-0 Rhd8 19. Rxg2 Ne5 20. Rgg1 Nf3 21. Rh1 Nxd2 22. Rxh7 Nb3+ 23. axb3 Rxd1+ 24. Kb2 R1d7 25. f4 Rf8 26. f5 Kd8 27. c4 c5 28. Rh5 b6 29. Rg5 Rf6 30. Rh5 Rh6 31. Rg5 Ke8 32. f6 Rxf6 33. Re5+ Kf7 34. g5 Re6 35. Rf5+ Kg6 36. Rf8 Kxg5 37. Rf2 Rd4 38. Rg2+ Rg4 39. Rd2 Re7 40. Rd5+ Kh4 41. Rd1 Rg3 42. Rh1+ Rh3 43. Rg1 g5 44. Rd1 g4 45. Rd8 Rh7 46. Rd2 g3 47. Rg2 Rh2 48. Rg1 g2 49. Ka3 Kg3 50. Ka4 Rh1 51. Rxg2+ Kxg2 52. Kb5 Rc1 53. c3 Rxc3 54. b4 cxb4 55. Kxb4 Rc1 56. Kb5 Rh5+ 57. Ka6 Ra5+ 58. Kb7 Rxc4 59. Kb8 Rh4 60. Kb7 Rh6 61. Kc7 Rg5 62. Kb7 b5 63. Kxa7 Rg7+ 64. Ka8 Rh8# 0-1

[Event "Titled Tuesday intern op 04th Feb Early"]
[Site "Chess.com INT"]
[Date "2025.02.04"]
[Round "6"]
[White "Avila Pavas, Santiago"]
[Black "Reprintsev, Alexander"]
[Result "0-1"]
[WhiteElo "2511"]
[BlackElo "2232"]
[PlyCount "112"]
[EventDate "2025.02.04"]
[EventType "swiss (blitz)"]
[EventRounds "11"]
[EventCountry "USA"]
[SourceTitle "CB07_2025"]
[SourceDate "2025.02.12"]
[SourceVersion "1"]
[SourceVersionDate "2025.02.12"]
[SourceQuality "1"]

1. d4 d5 2. Bf4 Nf6 3. e3 c5 4. Nf3 Bd7 5. Nbd2 e6 6. c3 Bc6 7. Ne5 Nbd7 8. Nxc6 bxc6 9. Qa4 Qb6 10. Rb1 Nh5 11. Bg3 Nxg3 12. hxg3 e5 13. e4 dxe4 14. Nc4 Qc7 15. dxe5 Be7 16. Nd6+ Bxd6 17. exd6 Qxd6 18. Qxe4+ Qe5 19. Bd3 0-0-0 20. 0-0 Qxe4 21. Bxe4 Kc7 22. Rfd1 Nf6 23. Bd3 Rd6 24. Bc4 Nd5 25. Re1 Rhd8 26. Re2 R8d7 27. Rbe1 Nb6 28. Bb3 c4 29. Bc2 g6 30. f3 f5 31. Kf2 Nd5 32. Re5 Kb6 33. R1e2 Kc5 34. Ba4 a5 35. Rd2 Kb6 36. Rd4 Kc5 37. b3 cxb3 38. axb3 Kb6 39. c4 Kc5 40. Rd1 Kb4 41. cxd5 Rxd5 42. Rexd5 Rxd5 43. Rxd5 cxd5 44. Ke2 Kc3 45. Bc6 d4 46. Bd5 g5 47. Bc4 f4 48. gxf4 gxf4 49. Ke1 h6 50. Ke2 Kc2 51. Ba6 Kc3 52. Kd1 Kxb3 53. Kd2 a4 54. Kd3 a3 55. Kxd4 Kc2 56. Ke4 Kc3 0-1